=LDR 00000nam 2200000 4500 =001 INLIS000000000003062 =005 20200430080404 =035 ##$$a 0010-061300000003062 =008 200430################g##########0#ind## =041 ##$$a Ind =082 ##$$a 2X3.71 =090 ##$$a 2X3.71, Raz m =100 1#$$a Razi, Bani =245 1#$$a Menyingkap tabir rahasia kejadian makhluk halus, /$c Bani Razi, Ms =260 ##$$a Surabaya :$b Citra Pelajar,$c 1996 =300 ##$$a 149 hlm. ; $c 14 x 20 cm. =650 #4$$a Jin dan Setan =850 ##$$a NBPNMAT =084 ##$$a 2X3.71 RAZ m =990 ##$$a 21112278 =990 ##$$a 153.650 pro.2000 =990 ##$$a 125.077 pb.97